Reverse Dictionary #31 - Statistics

General Stats
  • This quiz has been taken 71 times
  • The average score is 18 of 25
Answer Stats
Definition First
Letter
Word % Correct
Happening once every year. A Annual
95%
A building or other place where manufacturing takes place. F Factory
95%
Pants or trousers worn for sports or in warmer weather that do not go lower than the knees. S Shorts
95%
An amount of money paid to a worker for a specified quantity of work, usually calculated on an hourly basis and expressed in an amount of money per hour. W Wage
95%
A situation which poses an immediate risk and which requires urgent attention. E Emergency
91%
To evacuate (saliva or another substance) from the mouth. S Spit
90%
Emotional pain, generally arising from misfortune, significant personal loss, bereavement, misconduct of oneself or others, etc.; sorrow; sadness. G Grief
88%
Any of a range of colours having the longest wavelengths, 670 nm, of the visible spectrum; a primary additive colour for transmitted light: the colour obtained by subtracting green and blue from white light using magenta and yellow filters; the colour of blood, ripe strawberries, etc. R Red
81%
Having a slightly low temperature; mildly or pleasantly cold. C Cool
79%
Food waste material of any kind. G Garbage
78%
Each of the substantial structures acting either as the exterior of or divisions within a structure. W Wall
78%
A distinguishing feature of a person or thing, a part of mental or physical behavior. C Characteristic
76%
To be or remain suspended. H Hang
74%
A person who acts as the voice of another person or a group of people. S Spokesperson
72%
The legal right to take care of something or somebody, especially children. C Custody
71%
To defy or challenge (someone to do something). D Dare
64%
A series of one or more shelves, stacked one above the other. R Rack
64%
Someone who attempts to deceive by using an assumed name or identity. I Imposter
59%
To make a strong objection. P Protest
59%
A long-standing group of people sharing cultural aspects such as language, dress, norms of behavior and artistic forms. S Society
57%
To stand or act in the place of; to perform the duties, exercise the rights, or otherwise act on behalf of. R Represent
52%
The feeling of being drawn by moral, emotional or sexual influence. A Attraction
50%
The quality produced by the sensation of taste or, especially, of taste and smell in combined effect. F Flavor
41%
Particularly slender; especially thin, narrow, or of small girth. F Fine
36%
An area that is lower in topography than its surroundings. D Depression
21%
No matching quizzes found
Score Distribution
Percent of People with Each Score
Percentile by Number Answered
Your Score History
You have not taken this quiz